| 000 | 00619nam a22001937a 4500 | ||
|---|---|---|---|
| 005 | 20251108164057.0 | ||
| 008 | 250721s1999 xx 000 0 ara d | ||
| 082 | 1 | 4 | _a347.902/عبد |
| 100 | 1 | _aفوده، عبد الحكم | |
| 245 | 1 | 0 | _aالبطلان في قانون المرافعات المدنية و التجارية / |
| 250 | _aط3 | ||
| 264 | 1 |
_aالمنصوره : _bدار الفكر و القانون، _c1999. |
|
| 300 | _a389ص | ||
| 650 | 1 | 7 | _aقانون المرافعات |
| 650 | 1 | 7 | _aالقانون المدني |
| 650 | 1 | 7 | _aالقانون التجاري |
| 942 |
_2ddc _cBK |
||
| 999 |
_c3008 _d3008 |
||